| 000 | 00825nam a2200241 a 4500 | ||
|---|---|---|---|
| 001 | 000028090 | ||
| 003 | DO-SdBNP | ||
| 005 | 20240514100521.0 | ||
| 008 | 110406s1993 dr a 000 0 spa d | ||
| 040 |
_aDO-SdBNP _bspa _cBNPHU |
||
| 049 | _aBNPD | ||
| 082 | 4 |
_axxx _bW373a |
|
| 100 | 1 |
_aWeber, Delia _919739 |
|
| 245 | 1 | 0 |
_aApuntes (poemas) : _ben el espacio y en el tiempo sin espacio y sin tiempo / _cDelia Weber ; editor, Rodolfo Coiscou |
| 246 | 3 | 4 | _aApuntes : en el espacio y en el tiempo sin espacio y sin tiempo (poemas) |
| 250 | _a2a. ed. | ||
| 260 |
_aSanto Domingo : _bIslas, _c[1993]. |
||
| 300 |
_a65 p. ; _c22 cm. |
||
| 533 |
_aFacsim. _d1949 |
||
| 534 |
_aFacsim. _cCiudad de Trujillo: Editorial La Palabra de Santo Domingo, 1949 |
||
| 700 |
_aCoiscou, Rodolfo , _eeditor _984777 |
||
| 942 |
_2ddc _cLBS1 |
||
| 999 |
_c27582 _d27582 |
||